000 03729nam a22004937a 4500
001 986827885
003 OCoLC
005 20210419122821.0
008 170109s2017 nyuac b 001 0 eng
010 _a 2016943661
016 7 _a101703862
_2DNLM
020 _a9781464126116
_qNorth American edition
020 _a1464126119
_qNorth American edition
020 _a9781319108243
_qInternational edition
020 _a1319108245
_qInternational edition
020 _a1464187975
020 _a9781464187971
035 _a(OCoLC)986827885
_z(OCoLC)958780404
_z(OCoLC)958780405
_z(OCoLC)958782555
_z(OCoLC)987324600
040 _aNLM
_beng
_erda
_cNLM
_dOCLCO
_dYDX
_dBDX
_dMHY
_dVAM
_dUPM
_dOCLCF
_dPAU
_dSTF
_dWURST
_dCRU
_dUWO
_dCOO
_dLIP
_dIAK
_dOBE
_dNLGGC
_dVET
_dNLM
_dOCLCO
_dOCLCA
_dVT2
_dOCLCO
041 _aeng
042 _apcc
049 _aYYEA
080 _a577.1
_bN-37
096 _aQU 4 L523p 2017
100 1 _aNelson, David L.
_q(David Lee),
_d1942-
245 1 0 _aLehninger principles of biochemistry /
_cDavid L. Nelson, Michael M. Cox.
246 3 0 _aPrinciples of biochemistry.
250 _a7th ed.
260 _aNew York, NY :
_bW.H. Freeman and Company ;
_aHoundmills, Basingstoke :
_bMacmillan Higher Education,
_c[2017]
300 _axxxiv, 1172, AS34, G20, I45 pages :
_billustrations (chiefly color), portraits (chiefly color) ;
_c29 cm.
500 _aPrevious edition 2013.
504 _aIncludes bibliographical references and index.
505 0 _aThe foundations of biochemistry -- I. Structure and catalysis. Water -- Amino acids, peptides, and proteins -- The three-dimensional structure of proteins -- Protein function -- Enzymes -- Carbohydrates and glycobiology -- Nucleotides and nucleic acids -- DNA-based information technologies -- Lipids -- Biological membranes and transport -- Biosignaling -- II. Bioenergetics and metabolism. Bioenergetics and biochemical reaction types -- Glycolysis, gluconeogenesis, and the pentose phosphate pathway -- Principles of metabolic regulation -- The citric acid cycle -- Fatty acid catabolism -- Amino acid oxidation and the production of urea -- Oxidative phosphorylation -- Photosynthesis and carbohydrate synthesis in plants -- Lipid biosynthesis -- Biosynthesis of amino acids, nucleotides, and related molecules -- Hormonal regulation and integration of mammalian metabolism -- III. Information pathways. Genes and chromosomes -- DNA metabolism -- RNA metabolism -- Protein metabolism -- Regulation of gene expression -- Abbreviated solutions to problems -- Glossary -- Index.
520 _a"Lehninger Principles of Biochemistry ... brings clarity and coherence to an often unwieldy discipline, offering a thoroughly updated survey of biochemistry's enduring principles, definitive discoveries, and groundbreaking new advances with each edition.This new Seventh Edition maintains the qualities that have distinguished the text since Albert Lehninger's original edition--clear writing, careful explanations of difficult concepts, helpful problem-solving support, and insightful communication of contemporary biochemistry's core ideas, new techniques, and pivotal discoveries. Again, David Nelson and Michael Cox introduce students to an extraordinary amount of exciting new findings without an overwhelming amount of extra discussion or detail."--Publisher description.
590 _ac.1 10071775 Ritt 4/9/18 $267.99.
650 1 2 _aBiochemical Phenomena
_vProblems and Exercises.
650 2 2 _aBiochemistry.
650 2 2 _aEnergy Metabolism.
653 _aბიოქიმია
653 _aმეტაბოლიზმი
700 1 _aCox, Michael M.
700 1 _aLehninger, Albert L.
_tPrinciples of biochemistry.
942 _2udc
_cBK
_e7
999 _c406
_d406